Pokémon Available in Scarlet and Violet - Statistics

General Stats
  • This quiz has been taken 26 times
  • The average score is 12 of 24
Answers on the Grid
Answers color-coded by a green-red scale on the quiz's grid according to % correct below.
Breloom
Brute Bonnet
Bulbasaur
Bunnelby
Caterpie
Centiskorch
Corviknight
Delcatty
Enamorus
Espathra
Eternatus
Falinks
Ferrothorn
Garchomp
Golisopod
Hattrem
Lilligant
Lucario
Lurantis
Machamp
Mewtwo
Miraidon
Mudkip
Pikachu
Popplio
Psyduck
Rayquaza
Roserade
Snorlax
Starmie
Sylveon
Tinkaton
Togekiss
Volcarona
Wooloo
Xerneas
 
Answer Stats
Answer % Correct
Psyduck
78%
Pikachu
72%
Corviknight
61%
Hattrem
61%
Lucario
61%
Sylveon
61%
Bulbasaur
56%
Espathra
56%
Brute Bonnet
50%
Falinks
50%
Miraidon
50%
Tinkaton
50%
Breloom
44%
Garchomp
44%
Mewtwo
44%
Mudkip
44%
Volcarona
44%
Lilligant
39%
Lurantis
39%
Popplio
39%
Snorlax
39%
Enamorus
33%
Rayquaza
33%
Eternatus
28%
No matching quizzes found
Score Distribution
Percent of People with Each Score
Percentile by Number Answered
Your Score History
You have not taken this quiz